| 000 | 01011cam a2200289 a 4500 | ||
|---|---|---|---|
| 001 | 3333292 | ||
| 003 | NUST - PNEC | ||
| 005 | 20170116181103.0 | ||
| 008 | 851210s1986 enka b 000 0 eng | ||
| 010 | _a 85023696 | ||
| 020 |
_a0070841578 (pbk.) : _c£6.95 |
||
| 020 | _z007084920X | ||
| 040 |
_aDLC _cLIBRARY _dDLC |
||
| 041 | 1 | _aengfre | |
| 050 | 0 | 0 |
_aQA76.76.E95 _bG6613 1986 |
| 082 | 0 | 0 |
_a006.33 GON _219 |
| 100 | 1 | _aGondran, Michel. | |
| 240 | 1 | 0 |
_aIntroduction aux systèmes experts. _lEnglish |
| 245 | 1 | 3 |
_aAn introduction to expert systems / _cMichel Gondran ; translated from the French by Joanna Gosling ; English edition prepared by Peter Gosling. |
| 260 |
_aLondon ; _aNew York : _bMcGraw-Hill, _cc1986. |
||
| 300 |
_avi, 86 p. : _bill. ; _c23 cm. |
||
| 500 | _aTranslation of: Introduction aux systèmes experts. | ||
| 504 | _aBibliography: p. 82-86. | ||
| 650 |
_912502 _bManagement information system _xMIS |
||
| 906 |
_a7 _bcbc _corignew _d1 _eocip _f19 _gy-gencatlg |
||
| 942 |
_2ddc _cBK |
||
| 999 |
_c68843 _d68843 |
||